000 00898nam a2200289 a 4500
001 36450
003 BD-RjUL
005 20211209052504.0
008 140624r19611935enk 000 0 eng d
035 _a(BD-RjUL)36550
040 _aDLC
_beng
_cDLC
_dBD-RjUL
041 1 _aeng
_hgrc
082 0 4 _a321.07
_bPLP 1961
099 _a*ML A.8AD.PLA7 - 5REP-S - D5
100 0 _aPlato.
_9110970
245 1 4 _aPlato's Republic /
_ctranslated with an introduction by A. D. Lindsay
246 3 _aPlato's Republic
260 _aLondon :
_bDent,
_c1935 [reprinted 1961].
300 _axlii, 325 p. ;
_c18 cm
650 0 _aUtopias
_vEarly works to 1800
_962155
650 0 _aPolitical science
_vEarly works to 1800
_962154
830 0 _v64
_9110975
700 1 _aLindsay, A. D.
_q(Alexander Dunlop),
_d1879-1952.
_975514
830 0 _aEveryman's library ;
_9110976
942 _2ddc
_cBK
999 _c36450
_d36450